000 00370nam a2200145 i 4500
001 59498
003 ES-MaACL
005 20230906164037.0
007 t|
008 031029s1968 sp ||||1| spa d
245 0 3 _aLa enseƱanza en la obra de URBIS.
260 _aMadrid :
_b[s.n.],
_c1968.
300 _a87 p. :
_bil. ;
_c26 cm.
852 _aES-MaACL
_jC-36906
_bR.66033
999 _c59498
_d59498